00575nam a2200205Ia 4500001001000000003000500010008004100015010001100056040000900067082002200076100002900098245007900127250000600206260003600212300001100248650002300259650003200282650003100314650002400345Para_6873CHAP220125s1964 xx 000 0 und d a205651 cCHAP aPA 633.15 D5 1964 aDíaz del Pino, Alfonso aEl maíz cultivo-fertilización cosecha /c por Alfonso Díaz del Pino a2 aMéxico :b Bartolomé Trucco a393 p. aAbonos para maíz aMaíz x efecto del clima  aMaíz x fertilización  aMaíz x México